[Event "POL-chT U20 1st League"]
[Site "Chotowa"]
[Date "2025.06.18"]
[Round "5.46"]
[White "Sieniawski, Karol"]
[Black "Rainer, Antoni"]
[Result "1-0"]
[WhiteElo "1467"]
[BlackElo "1436"]
[PlyCount "75"]
[EventDate "2025.06.14"]
[EventType "team-swiss"]
[EventRounds "9"]
[EventCountry "POL"]
[SourceTitle "CB26_2025"]
[SourceDate "2025.06.25"]
[SourceVersion "1"]
[SourceVersionDate "2025.06.25"]
[SourceQuality "1"]
[WhiteTeam "Rybnik MKSz"]
[BlackTeam "Staniatki Goniec"]
[WhiteTeamCountry "POL"]
[BlackTeamCountry "POL"]

1. e4 e5 2. Nf3 Nc6 3. Bc4 Bc5 4. 0-0 d6 5. c3 Nf6 6. d3 h6 7. b4 Bb6 8. h3 Bd7 9. Qb3 0-0 10. Re1 Nh5 11. a4 a6 12. Nbd2 Qf6 13. Qd1 Qg6 14. Nh4 Bxf2+ 15. Kxf2 Qg3+ 16. Kf1 Qxh4 17. Nf3 Qf6 18. Be3 Kh7 19. Kf2 g5 20. g4 Nf4 21. Bxf4 Qxf4 22. Qc1 Qxc1 23. Raxc1 Ne7 24. a5 Ng6 25. d4 Nf4 26. dxe5 Nxh3+ 27. Kg3 Nf4 28. Rcd1 Bc6 29. exd6 cxd6 30. Rh1 Bxe4 31. Nxg5+ Kg6 32. Nxe4 Ne6 33. Bxe6 fxe6 34. Rxd6 Rf7 35. Rxe6+ Kg7 36. Rexh6 Raf8 37. Rh7+ Kg6 38. R1h6# 1-0

[Event "POL-chT U20 1st League"]
[Site "Chotowa"]
[Date "2025.06.16"]
[Round "3.16"]
[White "Rainer, Antoni"]
[Black "Czachurski, Ignacy"]
[Result "0-1"]
[WhiteElo "1436"]
[BlackElo "1645"]
[PlyCount "60"]
[EventDate "2025.06.14"]
[EventType "team-swiss"]
[EventRounds "9"]
[EventCountry "POL"]
[SourceTitle "CB26_2025"]
[SourceDate "2025.06.25"]
[SourceVersion "1"]
[SourceVersionDate "2025.06.25"]
[SourceQuality "1"]
[WhiteTeam "Staniatki Goniec"]
[BlackTeam "Bialystok Stoczek II"]
[WhiteTeamCountry "POL"]
[BlackTeamCountry "POL"]

1. e4 c5 2. Nc3 e6 3. g3 d5 4. exd5 exd5 5. d4 cxd4 6. Qxd4 Nf6 7. Bg2 Nc6 8. Qd1 Bb4 9. Bd2 0-0 10. Nge2 Re8 11. 0-0 d4 12. Nb5 d3 13. cxd3 Bg4 14. f3 Qb6+ 15. Kh1 Qxb5 16. Bxb4 Qxb4 17. fxg4 Qxb2 18. Bf3 Ne5 19. Ng1 Rad8 20. Be2 Rd4 21. Rf4 Red8 22. Rxd4 Qxd4 23. Rc1 Nfxg4 24. Nf3 Nxf3 25. Bxf3 Nf2+ 26. Kg2 Nxd1 27. Bxd1 Qxd3 28. Kh3 g6 29. Bc2 Qd7+ 30. g4 h5 0-1

[Event "POL-chT U20 1st League"]
[Site "Chotowa"]
[Date "2025.06.14"]
[Round "1.52"]
[White "Rainer, Antoni"]
[Black "Buszka, Pawel"]
[Result "0-1"]
[WhiteElo "1436"]
[BlackElo "1656"]
[PlyCount "80"]
[EventDate "2025.06.14"]
[EventType "team-swiss"]
[EventRounds "9"]
[EventCountry "POL"]
[SourceTitle "CB26_2025"]
[SourceDate "2025.06.25"]
[SourceVersion "1"]
[SourceVersionDate "2025.06.25"]
[SourceQuality "1"]
[WhiteTeam "Staniatki Goniec"]
[BlackTeam "Wodzisław Slaski"]
[WhiteTeamCountry "POL"]
[BlackTeamCountry "POL"]

1. e4 e5 2. Nf3 Nc6 3. Bc4 Bc5 4. c3 Nf6 5. d4 exd4 6. cxd4 Bb4+ 7. Bd2 Bxd2+ 8. Nbxd2 d5 9. exd5 Nxd5 10. Qb3 Nce7 11. 0-0 0-0 12. Rfe1 Nb6 13. Bf1 Bg4 14. a4 a5 15. Qc3 Nc6 16. h3 Be6 17. Ne4 Bd5 18. Bd3 f5 19. Neg5 Qf6 20. h4 h6 21. Nh3 Bxf3 22. gxf3 Qxh4 23. Kh2 Nxd4 24. Bb5 c6 25. Rad1 Rad8 26. Bc4+ Kh8 27. Rd3 Nxc4 28. Rg1 Ne5 29. Re3 Nexf3+ 30. Rxf3 Nxf3+ 31. Qxf3 Rd4 32. Qc3 Qf6 33. f4 Re4 34. Qg3 Rfe8 35. Kh1 Re3 36. Qg2 R8e7 37. Qh2 Qh4 38. Rg2 Rxh3 39. Qxh3 Qxh3+ 40. Rh2 Re1# 0-1